00486nam a2200169Ia 450000500170000000800410001702000150005808200130007324500990008625000090018526000340019430000190022865000140024765000120026170000220027370000210029520240611064524.0240331s9999 xx 000 0 und d a0761993932 bCONa954 0aConflict and community in contemporary Sri Lanka :bpearl of the eastor "the Island of tears"? a1 st aDelhibSAGE Publicationc1999 aviii, 355 p ., aPolitical aEconomy aGamage, Sirieedt aWatson, I.Beedt